<?xml version="1.0" encoding="UTF-8"?>
<record
    xmlns:xsi="http://www.w3.org/2001/XMLSchema-instance"
    xsi:schemaLocation="http://www.loc.gov/MARC21/slim http://www.loc.gov/standards/marcxml/schema/MARC21slim.xsd"
    xmlns="http://www.loc.gov/MARC21/slim">

  <leader>06039nam a2200421 a 4500</leader>
  <controlfield tag="003">CHAP</controlfield>
  <controlfield tag="005">20250924125259.0</controlfield>
  <controlfield tag="007">ta</controlfield>
  <controlfield tag="008">250602s2024    mx bdo|fr|||| 001 0 spa d</controlfield>
  <datafield tag="020" ind1=" " ind2=" ">
    <subfield code="a">978-607-12-0644-2</subfield>
  </datafield>
  <datafield tag="040" ind1=" " ind2=" ">
    <subfield code="a">mxchpua</subfield>
    <subfield code="c">CHAP</subfield>
    <subfield code="e">rda</subfield>
  </datafield>
  <datafield tag="041" ind1=" " ind2=" ">
    <subfield code="a">spa</subfield>
    <subfield code="b">spa</subfield>
    <subfield code="f">spa</subfield>
    <subfield code="h">spa</subfield>
  </datafield>
  <datafield tag="050" ind1="1" ind2="0">
    <subfield code="a">SF271</subfield>
    <subfield code="b">.B56 2024</subfield>
  </datafield>
  <datafield tag="082" ind1="0" ind2="0">
    <subfield code="a">637.32</subfield>
    <subfield code="b">B56 2024</subfield>
    <subfield code="2">20</subfield>
  </datafield>
  <datafield tag="245" ind1="1" ind2="0">
    <subfield code="a">Biodiversidad microbiana en quesos mexicanos tradicionales y sus implicaciones /</subfield>
    <subfield code="c">Abraham Villegas de Gante, Armando Santos Moreno, Guillermo P&#xE9;rez Esteban y Verenice Torres Salas</subfield>
  </datafield>
  <datafield tag="250" ind1=" " ind2=" ">
    <subfield code="a">1a edici&#xF3;n</subfield>
  </datafield>
  <datafield tag="264" ind1=" " ind2=" ">
    <subfield code="a">Chapingo, M&#xE9;xico :</subfield>
    <subfield code="b">UACh. Departamento de Ingenier&#xED;a Agroindustrial. Postgrado en Ciencia y Tecnolog&#xED;a Agroalimentaria,</subfield>
    <subfield code="c">2024</subfield>
  </datafield>
  <datafield tag="300" ind1=" " ind2=" ">
    <subfield code="a">252 p&#xE1;ginas :</subfield>
    <subfield code="b">mapas, gr&#xE1;ficas, diagramas, tablas, fotos</subfield>
  </datafield>
  <datafield tag="336" ind1=" " ind2=" ">
    <subfield code="2">rdacontent</subfield>
    <subfield code="a">texto</subfield>
    <subfield code="b">txt</subfield>
  </datafield>
  <datafield tag="337" ind1=" " ind2=" ">
    <subfield code="2">rdamedia</subfield>
    <subfield code="a">sin medio</subfield>
    <subfield code="b">n</subfield>
  </datafield>
  <datafield tag="338" ind1=" " ind2=" ">
    <subfield code="2">rdacarrier</subfield>
    <subfield code="a">volumen</subfield>
    <subfield code="b">nc</subfield>
  </datafield>
  <datafield tag="504" ind1=" " ind2=" ">
    <subfield code="a">Bibliograf&#xED;a: p&#xE1;ginas 237-247</subfield>
  </datafield>
  <datafield tag="505" ind1="0" ind2=" ">
    <subfield code="a">Cap. 1. Los quesos mexicanos tradicionales --
1. Alimentos tradicionales --
2. Los quesos tradicionales  mexicanos y la genuidad --
3. La tipicidad y los quesos mexicanos --
Cap. 2. Los quesos mexicanos tradicionales: un patrimonio biocultural por proteger y preservas --
4. La falta de valorizaci&#xF3;n de los quesos mexicanos genuinos --
5. La patrimonializaci&#xF3;n. Una estrategia para perseverar los quesos tradicionales --
6. Protecci&#xF3;n y conservaci&#xF3;n de los quesos mexicanos tradicionales como patrimonio --
Cap. 3. Calidad de los quesos mexicanos tradicionales --
7. La noci&#xF3;n de calidad --
8. Calidad sensorial del queso --
9. Calidad simb&#xF3;lica --
Cap. 4. Calidad microbiol&#xF3;gica de los quesos mexicanos tradicionales --
10. La microflora de la leche cruda --
11. Los quesos de leche cruda y su inocuidad --
Cap. 5. Elementos de taxonom&#xED;a y la microbiota relacionada con la leche cruda y quesos de leche cruda --
12. Microbiota asociada con leche cruda y quesos de leche cruda --
13. Las bacterias acidol&#xE1;cticas (BAL); su importancia en los lacteos --
Cap. 6. Secuenciaci&#xF3;n metagen&#xF3;mica del ADN microbiomico del queso y su relevancia --
14. Pasos b&#xE1;sicos para realizar metagen&#xF3;mica --
15. Caracterizaci&#xF3;n metagen&#xF3;mica de quesos tradicionales mexicanos --
Cap. 7. Caracterizaci&#xF3;n de quesos mexicanos tradicionales, con enf&#xE1;sis en su diversidad microbiana gen&#xE9;rica. Estudios de caso. --
16. Quesillo de Reyes Etla, Oaxaca --
17. Quesillo de valles centrales de Oaxaca --
18. Quesillo de prensa de la costa chica de Guerrero y Oaxaca --
19. Queso de hoja de Oaxaca --
20. Queso de poro de los r&#xED;os, Tabasco --
21. Queso crema de Chiapas --
22. Queso Bola de Ocosingo, Chiapas --
23. Queso asadero de Durango --
24. Queso seco encerado del itsmo de Tehuantepec, Oaxaca --
25. Queso panela de Jalisco --
Cap. 8. Implicaciones de la biodiversidad microbiana en los quesos mexicanos tradicionales. Objeto de estudio --
Cap. 9. Alcances y conlusiones --
Glosario --
Bibliograf&#xED;a --
Fichas curriculares de los autores</subfield>
  </datafield>
  <datafield tag="520" ind1="2" ind2=" ">
    <subfield code="a">Los quesos mexicanos tradicionales (QMT) son elaborados solamente con leche fluida, cuajo y sal, generalmente; son resultado del saber hacer de los queseros, transmitido de generaci&#xF3;n en generaci&#xF3;n; son bienes bioculturales, con importancia m&#xFA;ltiple. La mayor parte son elaborados con leche cruda y gozan de gran aprecio por su riqueza sensorial, la cual tiene como base la actividad bioqu&#xED;mica de la diversa y a menudo abundante microbiota que puebla la pasta quesera. En esta obra, atendiendo la concepci&#xF3;n de lo que es queso, particularmente el de leche cruda, como un ecosistema microbiano complejo y din&#xE1;mico, se revisa el efecto de su microbioma (el conjunto biodiverso de microorganismos que pueblan la pasta) sobre algunos rasgos de la calidad integral. El Libro est&#xE1; constituido por nueve cap&#xED;tulos que tocan aspectos clave como su tipicidad, su concepci&#xF3;n como bienes bio-culturales patrimonializables, su calidad integral (destacando la calidad sensorial y microbiol&#xF3;gica), elementos de taxonom&#xED;a de su microbiota y la secuenciaci&#xF3;n metagen&#xF3;mica del ADN microbi&#xF3;mico y su relevancia. Adem&#xE1;s, con resultados propios de la caracterizaci&#xF3;n de varios QMT, y tomando como referencia dos estudios de caso (el Queso de Poro de Tabasco y el Queso Bola de Ocosingo), se ilustra el concepto de queso como un ecosistema microbiano que evoluciona en el tiempo, afectando atributos cualitativos esenciales para la aceptaci&#xF3;n del producto. Se destaca el cap&#xED;tulo consagrado a once quesos mexicanos tradicionales en cuya ficha de caracterizaci&#xF3;n se incluye su microbiota gen&#xE9;rica (a nivel de g&#xE9;nero), revelada por t&#xE9;cnicas metagen&#xF3;micas de alto rendimiento. Se confirma, as&#xED;, que el microbioma del ecosistema queso, en el que destaca microbiota notable como las bacterias acidol&#xE1;cticas, las coliformes, las psicr&#xF3;trofas, y otras, influye en la calidad y aceptaci&#xF3;n del queso por los consumidores. Se concluye que es conveniente concebir a los QMT como ecosistemas microbianos complejos y din&#xE1;micos en los que su microbioma afecta la matriz case&#xED;nica (parte abi&#xF3;tica), lo cual es esencial para lograr manejarla, controlarla, y as&#xED; poder mejorar la calidad del producto, favoreciendo su riqueza sensorial, conservaci&#xF3;n, inocuidad y difusi&#xF3;n comercial.</subfield>
  </datafield>
  <datafield tag="650" ind1="1" ind2="3">
    <subfield code="a">Quesos</subfield>
    <subfield code="x">Biodiversidad</subfield>
    <subfield code="z">M&#xE9;xico  </subfield>
    <subfield code="2">atg</subfield>
    <subfield code="9">148254</subfield>
  </datafield>
  <datafield tag="650" ind1="1" ind2="3">
    <subfield code="a">Quesos</subfield>
    <subfield code="x">Microbiolog&#xED;a  </subfield>
    <subfield code="9">147410</subfield>
    <subfield code="2">atg</subfield>
  </datafield>
  <datafield tag="650" ind1="1" ind2="3">
    <subfield code="a">Quesos</subfield>
    <subfield code="x">Recursos biol&#xF3;gicos</subfield>
    <subfield code="x">Microbioma</subfield>
    <subfield code="2">atg</subfield>
    <subfield code="9">142512</subfield>
  </datafield>
  <datafield tag="650" ind1="1" ind2="3">
    <subfield code="a">Quesos</subfield>
    <subfield code="x">Metagen&#xF3;mica</subfield>
    <subfield code="2">atg</subfield>
    <subfield code="9">142512</subfield>
  </datafield>
  <datafield tag="650" ind1="1" ind2="0">
    <subfield code="a">Cheeses</subfield>
    <subfield code="z">Mexico  </subfield>
    <subfield code="x">Biodiversity</subfield>
    <subfield code="9">148250</subfield>
  </datafield>
  <datafield tag="650" ind1="1" ind2="3">
    <subfield code="a">Cheeses</subfield>
    <subfield code="x">Microbiology</subfield>
    <subfield code="2">atg</subfield>
    <subfield code="9">147407</subfield>
  </datafield>
  <datafield tag="650" ind1="1" ind2="3">
    <subfield code="a">Cheeses  </subfield>
    <subfield code="x">Biological resources</subfield>
    <subfield code="x">Microbiome</subfield>
    <subfield code="9">148387</subfield>
    <subfield code="2">atg</subfield>
  </datafield>
  <datafield tag="650" ind1="1" ind2="3">
    <subfield code="a">Cheeses  </subfield>
    <subfield code="x">Metagenomics</subfield>
    <subfield code="2">atg</subfield>
    <subfield code="9">148387</subfield>
  </datafield>
  <datafield tag="700" ind1="1" ind2=" ">
    <subfield code="a">Villegas de Gante, Abraham Zacarias</subfield>
    <subfield code="9">185141</subfield>
    <subfield code="e">autor</subfield>
  </datafield>
  <datafield tag="700" ind1="1" ind2=" ">
    <subfield code="a">Santos Moreno, Armando</subfield>
    <subfield code="9">147701</subfield>
    <subfield code="e">autor</subfield>
  </datafield>
  <datafield tag="700" ind1="1" ind2=" ">
    <subfield code="a">P&#xE9;rez Esteban, Guillermo</subfield>
    <subfield code="9">132339</subfield>
    <subfield code="e">autor</subfield>
  </datafield>
  <datafield tag="700" ind1="1" ind2=" ">
    <subfield code="a">Torres Salas, Verenice</subfield>
    <subfield code="9">114233</subfield>
    <subfield code="e">autora</subfield>
  </datafield>
  <datafield tag="942" ind1=" " ind2=" ">
    <subfield code="2">ddc</subfield>
    <subfield code="c">LIBRO</subfield>
  </datafield>
  <datafield tag="999" ind1=" " ind2=" ">
    <subfield code="c">220544</subfield>
    <subfield code="d">220544</subfield>
  </datafield>
  <datafield tag="952" ind1=" " ind2=" ">
    <subfield code="0">0</subfield>
    <subfield code="1">0</subfield>
    <subfield code="2">ddc</subfield>
    <subfield code="4">0</subfield>
    <subfield code="5">1</subfield>
    <subfield code="7">0</subfield>
    <subfield code="8">GRAL</subfield>
    <subfield code="a">IA_</subfield>
    <subfield code="b">IA_</subfield>
    <subfield code="d">2025-05-30</subfield>
    <subfield code="e">Donaci&#xF3;n</subfield>
    <subfield code="i">Donaci&#xF3;n</subfield>
    <subfield code="l">0</subfield>
    <subfield code="o">637.32 B56 2024</subfield>
    <subfield code="p">1102015491</subfield>
    <subfield code="r">2025-06-02 14:21:17</subfield>
    <subfield code="t">Ej. 1</subfield>
    <subfield code="w">2025-06-02</subfield>
    <subfield code="y">LIBRO</subfield>
  </datafield>
  <datafield tag="952" ind1=" " ind2=" ">
    <subfield code="0">0</subfield>
    <subfield code="1">0</subfield>
    <subfield code="2">ddc</subfield>
    <subfield code="4">0</subfield>
    <subfield code="5">5</subfield>
    <subfield code="7">0</subfield>
    <subfield code="8">GRAL</subfield>
    <subfield code="a">IA_</subfield>
    <subfield code="b">IA_</subfield>
    <subfield code="d">2025-02-24</subfield>
    <subfield code="e">Donaci&#xF3;n</subfield>
    <subfield code="i">Donaci&#xF3;n</subfield>
    <subfield code="l">1</subfield>
    <subfield code="o">637.32 B56 2024</subfield>
    <subfield code="p">1102015492</subfield>
    <subfield code="r">2025-11-06 13:37:59</subfield>
    <subfield code="s">2025-11-05</subfield>
    <subfield code="t">Ej. 2</subfield>
    <subfield code="w">2025-06-02</subfield>
    <subfield code="y">LIBRO</subfield>
  </datafield>
  <datafield tag="952" ind1=" " ind2=" ">
    <subfield code="0">0</subfield>
    <subfield code="1">0</subfield>
    <subfield code="2">ddc</subfield>
    <subfield code="4">0</subfield>
    <subfield code="5">5</subfield>
    <subfield code="7">0</subfield>
    <subfield code="8">GRAL</subfield>
    <subfield code="a">IA_</subfield>
    <subfield code="b">IA_</subfield>
    <subfield code="d">2025-02-24</subfield>
    <subfield code="e">Donaci&#xF3;n</subfield>
    <subfield code="i">Donaci&#xF3;n</subfield>
    <subfield code="l">4</subfield>
    <subfield code="m">1</subfield>
    <subfield code="o">637.32 B56 2024</subfield>
    <subfield code="p">1102015493</subfield>
    <subfield code="r">2026-02-25 17:25:50</subfield>
    <subfield code="s">2026-02-20</subfield>
    <subfield code="t">Ej. 3</subfield>
    <subfield code="w">2025-06-02</subfield>
    <subfield code="y">LIBRO</subfield>
  </datafield>
</record>
